| LEADER | 00561nam a2200217Ia 4500 | ||
|---|---|---|---|
| 008 | 240830s9999 xx 000 0 und d | ||
| 020 | |a 99924-867-2-4 | ||
| 040 | |a B-ESTELÍ- RUACS / 118 C352 | ||
| 041 | |a spa | ||
| 082 | |a 118 C352 | ||
| 100 | 1 | |a Castillo, Herrera, Beverly | |
| 100 | 1 | |b Barrantes, María José | |
| 245 | 1 | 0 | |a Visibilización de la Mujer Segociana |
| 260 | |a Estelí |b Adeso Las Segovias |c 2005 | ||
| 300 | |a 672 p. :il. | ||
| 650 | 7 | |a NICARAGUA | |
| 650 | 7 | |b MUJER | |
| 650 | 7 | |c SEGOVIA | |
| 942 | |c BK |2 ddc | ||
| 991 | |a TEXTO | ||
| 999 | |c 10616 | ||